000 01031nam a22003017a 4500
001 BR8903352
003 BR-BrBNA
005 20230928093245.0
007 ta
008 230509b bl.||||| |||| 00| 0 por d
040 _aBR-BrBNA
_bpor
_cBiblioteca Nacional de Agricultura
041 _a(Por)
072 _aH20
_b1122
_b4120
090 _ 1122 BR8903352
100 1 _aSilva, T.M.W. da
110 1 _aEscola Superior de Agricultura Luiz de Queiroz, Piracicaba, SP (Brasil)
_0Tese (Mestrado)
245 1 _aTratamento termico e radiacao gama no controle de Colletrotrichum gloeosperioides (Penz.)Penz. et Sacc., agente causal da antracnose em frutos de mamoeiro (Carica papaya L.)
260 3 _aPiracicaba, SP (Brasil):
_c1988.
300 _a155 p.
500 _aSummaries (Eng, Por); 33 tables; 9 illus.; Bibliography p. 130-155 (122 ref.)
650 _aMAMAO
650 _aANTRACNOSE
650 _aFUNGO
650 _aCONTROLE TERMICO
650 _aRAIO GAMA
909 _a202309
_bLucia
_c55
_dLucia Elande
942 _cBK
999 _c43922
_d43922